| 000 | 00835nam a2200265Ia 4500 | ||
|---|---|---|---|
| 003 | OSt | ||
| 005 | 20221005083704.0 | ||
| 006 | a|||||r|||| 00| 0 | ||
| 007 | ta | ||
| 008 | 221004b |||||||| |||| 00| 0 eng d | ||
| 020 |
_a9789386473219 (hbk) _cINR 595.00 |
||
| 024 | _a45052 | ||
| 037 |
_b1607/18-19, 28/01/2019, Vitasta Publishing Pvt. Ltd. _cTextual |
||
| 040 |
_aCRL _cCRL _beng |
||
| 041 |
_2eng _aeng |
||
| 082 | _aV252.P, Q8 | ||
| 100 |
_aGoradia Prafull Au. _940707 |
||
| 245 | 0 |
_aSaffron awakening _b ayodhya to adityanath |
|
| 260 |
_aNew Delhi _bVitasta India _c2018 |
||
| 300 |
_a199p. _ccm. |
||
| 650 | _a UTTAR PRADESH - HISTORY | ||
| 650 | _aHINDUISM | ||
| 942 |
_hV252.P, Q8 _cTEXL _2cc |
||
| 999 |
_c991367 _d991367 |
||